| 000 | 00441nam a22001577a 4500 | ||
|---|---|---|---|
| 003 | NUST | ||
| 020 | _a 9787119100982 | ||
| 038 | _aKhadija | ||
| 082 |
_a951.083 _bWAN |
||
| 100 |
_aZhiguang Wang _986513 |
||
| 245 |
_aA concise history reader of the People's Republic of China / _cZhiguang Wang |
||
| 260 |
_aBeijing Shi _b Foreign Languages Press _c2016 |
||
| 300 | _a359 pages : illustrations ; 25 cm | ||
| 563 | _aHB | ||
| 942 |
_2ddc _cBK |
||
| 999 |
_c587360 _d587360 |
||